000 00743nam a2200217Ii 4500
003 JO-AjNU
008 230605s9999||||xx |||||||||||||| ||und||
017 _a2012/6/2015
040 _aJO-AjNU
_bara
_erda
_cJO-AjNU
041 _aara
050 1 4 _aBP10 2012
100 3 _aتاليف أبي البراء، محمد ماهر عبد الكريم الخطيب,
_eauthor
_950030
245 0 0 _aحركة الإخوان المسلمين: عرض ونقد
250 _aط1
264 3 1 _aعمان: دار البيروني للنشر والتوزيع، 2012
300 _a496ص
336 _atext
_btxt
_2rdacontent
337 _aunmediated
_bn
_2rdamedia
338 _avolume
_bnc
_2rdacarrier
650 4 _aالاخوان المسلمين
_950031
999 _aA22012
_c25580
_d25580